000 00317nam a22001337a 4500
008 180924b xxu||||| |||| 00| 0 eng d
020 _a0443082774
041 _aeng
080 _a617
100 _a6
101 _aANE
245 _aMonitoring in Anesthesia and Critical Care Medicine
_cBlitt, C.D
942 _2udc
_cBK
999 _c48417
_d48417